[Event "SLO-chT Central 2nd League"]
[Site "Slovenia"]
[Date "2010.10.21"]
[Round "6.1"]
[White "Bremec, Edvard"]
[Black "Grasic, Marjan"]
[Result "1-0"]
[WhiteElo "1746"]
[BlackElo "1577"]
[PlyCount "152"]
[EventDate "2010.09.09"]
[EventType "team-tourn"]
[EventRounds "9"]
[EventCountry "SLO"]
[SourceTitle "EXT 2022"]
[Source "ChessBase"]
[SourceDate "2021.10.06"]
[SourceVersion "1"]
[SourceVersionDate "2021.10.06"]
[SourceQuality "1"]
[WhiteTeam "Duplica Balin"]
[BlackTeam "Barob Smarca II"]
[WhiteTeamCountry "SLO"]
[BlackTeamCountry "SLO"]

1. d4 g6 2. e4 Bg7 3. Nf3 d6 4. h3 Nf6 5. Bd3 0-0 6. 0-0 Nbd7 7. Re1 e5 8. c3 Re8 9. Bg5 Nf8 10. dxe5 dxe5 11. Qc2 Ne6 12. Nbd2 Nxg5 13. Nxg5 Nh5 14. Ngf3 Nf4 15. Bf1 Be6 16. Rad1 Qe7 17. Nc4 Qc5 18. Ne3 Bh6 19. b4 Qe7 20. Nd5 Nxd5 21. exd5 Bf5 22. Qb2 e4 23. Nd4 Bd7 24. Qc2 f5 25. Qb3 Kh8 26. c4 Rad8 27. c5 Bc8 28. Bb5 Rf8 29. Ne6 Bxe6 30. dxe6 c6 31. Bc4 Bg7 32. Rxd8 Rxd8 33. Rd1 a6 34. Rxd8+ Qxd8 35. Qg3 Bf6 36. Qd6 Qe7 37. a4 Kg7 38. b5 axb5 39. axb5 cxb5 40. Bxb5 h5 41. Bc4 g5 42. Bd5 g4 43. hxg4 hxg4 44. g3 Bg5 45. Qe5+ Kg6 46. Qd6 Kf6 47. Kf1 Bc1 48. Qb6 e3 49. Qb4 exf2 50. Qc3+ Kg6 51. Qxc1 Qf6 52. Qd2 Qe5 53. Kxf2 Qh8 54. e7 Qe5 55. e8Q+ Qxe8 56. Bxb7 Qb5 57. Qd6+ Kh5 58. Bg2 Qb2+ 59. Kg1 Qa1+ 60. Kh2 Qh8 61. c6 Kg5+ 62. Kg1 Qa1+ 63. Bf1 Qa7+ 64. Kh1 Qa1 65. Qf4+ Kg6 66. Qc4 Qh8+ 67. Kg1 Qe5 68. Kg2 Qb2+ 69. Be2 Qh8 70. Qe6+ Kg5 71. Qe7+ Kg6 72. Qe6+ Kg5 73. c7 Qa8+ 74. Kg1 Qa1+ 75. Kf2 Qa7+ 76. Ke1 Qa5+ 1-0

[Event "SLO-chT Central 2nd League"]
[Site "Slovenia"]
[Date "2010.09.13"]
[Round "1.2"]
[White "Bremec, Edvard"]
[Black "Borstnik, Ales"]
[Result "1/2-1/2"]
[WhiteElo "1746"]
[BlackElo "1803"]
[PlyCount "56"]
[EventDate "2010.09.09"]
[EventType "team-tourn"]
[EventRounds "9"]
[EventCountry "SLO"]
[SourceTitle "EXT 2022"]
[Source "ChessBase"]
[SourceDate "2021.10.06"]
[SourceVersion "1"]
[SourceVersionDate "2021.10.06"]
[SourceQuality "1"]
[WhiteTeam "Duplica Balin"]
[BlackTeam "Podpec Prigo"]
[WhiteTeamCountry "SLO"]
[BlackTeamCountry "SLO"]

1. d4 Nf6 2. c4 e6 3. Nc3 d5 4. Bg5 dxc4 5. e4 Be7 6. Nf3 0-0 7. Bxc4 c6 8. 0-0 b5 9. Bd3 b4 10. Bxf6 Bxf6 11. Ne2 Ba6 12. Bxa6 Nxa6 13. Rc1 Qb6 14. Qc2 Rac8 15. b3 Rfd8 16. e5 Be7 17. Rfd1 c5 18. Qc4 Rc7 19. d5 exd5 20. Rxd5 Rxd5 21. Qxd5 Qc6 22. Nf4 Qxd5 23. Nxd5 Rd7 24. Nxe7+ Rxe7 25. Rd1 Kf8 26. Rd8+ Re8 27. Rd7 Re7 28. Rd8+ Re8 1/2-1/2

[Event "Ljubljana-chT 63rd 3rd League"]
[Site "Ljubljana"]
[Date "2010.02.25"]
[Round "6.2"]
[White "Bremec, Edvard"]
[Black "Djurdjevic, Stanko"]
[Result "0-1"]
[WhiteElo "1773"]
[BlackElo "1638"]
[PlyCount "119"]
[EventDate "2010.01.07"]
[EventType "team-tourn"]
[EventRounds "10"]
[EventCountry "SLO"]
[SourceTitle "EXT 2022"]
[Source "ChessBase"]
[SourceDate "2021.10.06"]
[SourceVersion "1"]
[SourceVersionDate "2021.10.06"]
[SourceQuality "1"]

1. d4 Nf6 2. c4 g6 3. Nc3 d5 4. Nf3 Bg7 5. cxd5 Nxd5 6. e3 0-0 7. Bc4 Nxc3 8. bxc3 c5 9. Qb3 Nc6 10. 0-0 Na5 11. Qa4 Nxc4 12. Qxc4 cxd4 13. cxd4 b6 14. Ba3 Bb7 15. Qe2 Re8 16. Rfd1 Qd5 17. Rac1 e6 18. Qc4 Qg5 19. Ne1 Rac8 20. Qd3 Qd5 21. Qe2 Qa5 22. Bd6 Bd5 23. a4 Bf8 24. Bxf8 Kxf8 25. Qb2 Bb7 26. Nd3 Kg8 27. Qb4 Qd5 28. Ne1 Ba6 29. Qb2 Rc4 30. Rxc4 Qxc4 31. h3 Qf1+ 32. Kh2 Rc8 33. Ra1 h5 34. h4 Qc4 35. Rb1 Qc7+ 36. Kg1 Qe7 37. Rc1 Qxh4 38. Rxc8+ Bxc8 39. Qc3 Qd8 40. Nd3 Bb7 41. Nf4 h4 42. Qc4 g5 43. Nxe6 fxe6 44. Qxe6+ Kg7 45. Qe5+ Qf6 46. Qc7+ Qf7 47. Qe5+ Kg6 48. e4 Bc6 49. d5 Bd7 50. Qd6+ Kh5 51. e5 Bc8 52. e6 Qf4 53. Qc6 Qf8 54. f3 Qc5+ 55. Qxc5 bxc5 56. Kf2 Kg6 57. Ke3 Kf5 58. Kd3 Ba6+ 59. Ke3 Ke5 60. a5 0-1

[Event "Ljubljana-chT 63rd 3rd League"]
[Site "Ljubljana"]
[Date "2010.01.07"]
[Round "1.2"]
[White "Trcek, Alojzij"]
[Black "Bremec, Edvard"]
[Result "1-0"]
[WhiteElo "1555"]
[BlackElo "1773"]
[PlyCount "67"]
[EventDate "2010.01.07"]
[EventType "team-tourn"]
[EventRounds "10"]
[EventCountry "SLO"]
[SourceTitle "EXT 2022"]
[Source "ChessBase"]
[SourceDate "2021.10.06"]
[SourceVersion "1"]
[SourceVersionDate "2021.10.06"]
[SourceQuality "1"]

1. d4 g6 2. e4 d5 3. exd5 Qxd5 4. Nf3 Bg4 5. Be2 Bg7 6. 0-0 c6 7. c4 Qd8 8. d5 Nf6 9. Nc3 0-0 10. h3 Bf5 11. Nd4 Bc8 12. Bf3 c5 13. Nb3 Na6 14. Be3 b6 15. d6 Rb8 16. Bf4 e5 17. Bxe5 Bd7 18. Re1 Re8 19. Qd2 Nh5 20. Bh2 Nb4 21. a3 Rxe1+ 22. Rxe1 Nc6 23. Bxc6 Bxc6 24. d7 Bxc3 25. bxc3 Rb7 26. Re8+ Qxe8 27. dxe8Q+ Bxe8 28. Qe2 Ba4 29. Nd2 Ng7 30. Ne4 Ne6 31. Nf6+ Kf8 32. Bd6+ Kg7 33. Qe5 Bc6 34. Ng4+ 1-0